000 00867cab a2200241 4500
001 WB2710-07
008 090401t1991 xxu||||| |||| 00| 0 eng d
035 _a(Sirsi) u27984
041 _aeng
245 _aNew water pollution controls
260 _c1991
350 _a0
490 _aDoE News Release
_vno 108 27 February 1991 5 pages
520 _aSI 1991:324 "Control of Pollution (Silage, Slurry and Agricultural Fuel Oil) Regulations made under the Water Act 1989, lays down standards to reduce agricultural pollution of water. Comes into effect 1 September 1991; but affects installations commenced after 1 March 1991.
650 _aFARM POLLUTION
650 _aFARM WASTE
650 _aFARMING
650 _aFARMLAND
650 _aNATIONAL RIVERS AUTHORITY
690 _aENVIRONMENTAL AND LAND CONSULTANCY
942 _n0
948 _c04/03/1997
999 _c18871
_d18871